| 000 | 00696nam a22001697a 4500 | ||
|---|---|---|---|
| 003 | SGT | ||
| 020 | _a9789332519114 | ||
| 082 | _a519.5,HOG | ||
| 100 | _aHOGG V. ROBERT | ||
| 245 | _aINTRODUCTION TO MATHEMATICAL STATISTICS | ||
| 250 | _a7TH | ||
| 260 |
_aNEW DELHI _bPEARSON _c2014 |
||
| 300 | _a650 | ||
| 650 | _aPROBABILITIES & APPLIED MATHEMATICS | ||
| 653 | _a PROBABILITY AND DISTRIBUTIONS, MULTIVARIATE DISTRIBUTIONS, SOME SPECIAL DISTRIBUTIONS, SOME ELEMENTARY STATISTICAL INFERENCES, CONSISTENCY AND LIMITING DISTRIBUTIONS, MAXIMUM LIKELIHOOD METHODS, SUFFICIENCY, OPTIMAL TESTS OF HYPOTHESES, INFERENCES ABOUT NORMAL MODELS, NONPARAMETRIC AND ROBUST STATISTICS | ||
| 942 |
_2ddc _cFPS |
||
| 999 |
_c9417 _d9417 |
||